[Event "Guelph Winter Pro Am"]
[Site "Guelph CAN"]
[Date "2008.02.02"]
[Round "4"]
[White "Poloniato, Dennis"]
[Black "Lachapelle, Christian"]
[Result "0-1"]
[WhiteElo "1265"]
[BlackElo "1380"]
[PlyCount "70"]
[GameId "2160767910442343"]
[EventDate "2008.02.02"]
[EventType "swiss"]
[EventRounds "5"]
[EventCountry "CAN"]
[SourceTitle "EXT 2011"]
[Source "ChessBase"]
[SourceDate "2011.11.26"]
[SourceVersion "1"]
[SourceVersionDate "2011.11.26"]
[SourceQuality "1"]

1. e4 c5 2. d3 d6 3. Nf3 Nc6 4. Be2 g6 5. c3 Nf6 6. Nbd2 Bg7 7. Nc4 Qc7 8. Ne3 O-O 9. h3 Bd7 10. Bd2 e6 11. O-O d5 12. Rb1 Rfd8 13. Nh2 dxe4 14. dxe4 Nxe4 15. f3 Nxd2 16. Qxd2 Ne5 17. Qe1 Bh6 18. Neg4 Nxg4 19. fxg4 Bf4 20. Rxf4 Qxf4 21. Qf2 Qxf2+ 22. Kxf2 Bc6 23. Nf3 f6 24. b4 b6 25. bxc5 bxc5 26. Bc4 Kf7 27. Re1 Bd5 28. g5 Bxc4 29. Kg3 Rd3 30. gxf6 Kxf6 31. Kf4 Rxc3 32. Ne5 g5+ 33. Kg4 Bb5 34. Rb1 Be8 35. Rd1 h5# 0-1

[Event "Guelph Winter Pro Am"]
[Site "Guelph CAN"]
[Date "2008.02.02"]
[Round "4"]
[White "Sambuev, Bator"]
[Black "Yuan, Yuanling"]
[Result "1-0"]
[WhiteElo "2528"]
[BlackElo "2191"]
[PlyCount "79"]
[GameId "2160767910442344"]
[EventDate "2008.02.02"]
[EventType "swiss"]
[EventRounds "5"]
[EventCountry "CAN"]
[SourceTitle "EXT 2011"]
[Source "ChessBase"]
[SourceDate "2011.11.26"]
[SourceVersion "1"]
[SourceVersionDate "2011.11.26"]
[SourceQuality "1"]

1. Nf3 Nf6 2. c4 g6 3. Nc3 Bg7 4. e4 d6 5. d4 O-O 6. Be2 e5 7. O-O Nc6 8. d5 Ne7 9. Ne1 Ne8 10. Be3 f5 11. f3 f4 12. Bf2 g5 13. c5 h5 14. a4 Nf6 15. cxd6 cxd6 16. Nb5 a6 17. Na3 Bd7 18. Nc4 Nc8 19. Qb3 Rb8 20. Qb4 Qe7 21. Na5 g4 22. Rc1 Ne8 23. Nc6 bxc6 24. Qxb8 c5 25. Rc3 Qg5 26. g3 fxg3 27. hxg3 Ne7 28. Qd8 Bxa4 29. fxg4 Bb5 30. Bxb5 axb5 31. Rf3 Bf6 32. Qd7 hxg4 33. Be3 Qg7 34. Qe6+ Rf7 35. R3f2 Kf8 36. Ng2 Ng8 37. Nh4 Ne7 38. Nf5 Nxf5 39. Rxf5 Qg6 40. Bg5 1-0

[Event "Guelph Winter Pro Am"]
[Site "Guelph CAN"]
[Date "2008.02.02"]
[Round "4"]
[White "Sellars, Karl"]
[Black "Martchenko, Alexander"]
[Result "0-1"]
[WhiteElo "2087"]
[BlackElo "2190"]
[PlyCount "138"]
[GameId "2160767910442345"]
[EventDate "2008.02.02"]
[EventType "swiss"]
[EventRounds "5"]
[EventCountry "CAN"]
[SourceTitle "EXT 2011"]
[Source "ChessBase"]
[SourceDate "2011.11.26"]
[SourceVersion "1"]
[SourceVersionDate "2011.11.26"]
[SourceQuality "1"]

1. c4 e6 2. Nc3 d5 3. cxd5 exd5 4. d4 c6 5. Bf4 Bf5 6. e3 Nf6 7. Bd3 Bxd3 8. Qxd3 Be7 9. h3 Nbd7 10. Nf3 O-O 11. O-O Re8 12. Rab1 a5 13. a3 Nb6 14. Rfc1 Rc8 15. b4 Nc4 16. Na4 axb4 17. axb4 Ra8 18. Qd1 b5 19. Nc5 Bxc5 20. bxc5 Ne4 21. Ra1 Qd7 22. Ne5 Nxe5 23. Bxe5 f6 24. Bf4 Qb7 25. Qc2 Rxa1 26. Rxa1 b4 27. Rb1 Qb5 28. Kh2 Ra8 29. Rb3 g6 30. f3 Nc3 31. Rxc3 bxc3 32. Qxc3 Ra2 33. Qe1 Qb2 34. Qg3 Kf7 35. Bc7 h5 36. h4 Qe2 37. Bf4 Ra7 38. Qh3 Qe1 39. Qg3 Ra1 40. Qxe1 Rxe1 41. g4 Ke6 42. gxh5 gxh5 43. Bh6 Kf5 44. Kg3 Rg1+ 45. Kf2 Rh1 46. Kg3 Ke6 47. Bf4 Rg1+ 48. Kf2 Rg6 49. Bd6 Kd7 50. Bf4 Kc8 51. Bd6 Kb7 52. Bg3 Ka6 53. e4 dxe4 54. fxe4 Kb5 55. Kf3 Kc4 56. Bf2 Rg4 57. Ke3 Rg2 58. Be1 Ra2 59. d5 cxd5 60. exd5 Kxc5 61. Kf4 Re2 62. Bg3 Re5 63. d6 Kxd6 64. Kf3 Kd5 65. Bxe5 fxe5 66. Ke3 e4 67. Ke2 Ke5 68. Ke3 Kf5 69. Ke2 Kg4 0-1

[Event "Guelph Winter Pro Am"]
[Site "Guelph CAN"]
[Date "2008.02.02"]
[Round "4"]
[White "Zhang, Brent"]
[Black "Cunningham, Ross"]
[Result "1-0"]
[WhiteElo "1863"]
[BlackElo "1710"]
[PlyCount "99"]
[GameId "2160767910442346"]
[EventDate "2008.02.02"]
[EventType "swiss"]
[EventRounds "5"]
[EventCountry "CAN"]
[SourceTitle "EXT 2011"]
[Source "ChessBase"]
[SourceDate "2011.11.26"]
[SourceVersion "1"]
[SourceVersionDate "2011.11.26"]
[SourceQuality "1"]

1. e4 e5 2. Nf3 Nc6 3. Nc3 Nf6 4. d4 exd4 5. Nd5 Nxd5 6. exd5 Ne7 7. d6 cxd6 8. Nxd4 Nc6 9. Nb5 a6 10. Qe2+ Ne5 11. f4 axb5 12. fxe5 Qe7 13. exd6 Qxe2+ 14. Bxe2 Bxd6 15. Bxb5 O-O 16. O-O Bc5+ 17. Kh1 d6 18. Bg5 Be6 19. a3 h6 20. Be7 Rfc8 21. Bd3 Bd4 22. c3 Be5 23. Be4 Ra4 24. Bc2 Rg4 25. Rad1 Rc6 26. Rfe1 f6 27. Bd8 b6 28. Be4 Rc4 29. Bf3 Rh4 30. Bxb6 Rxh2+ 31. Kg1 Rhh4 32. Bf2 Rhf4 33. Bg3 Rf5 34. Bxe5 Rxe5 35. Kf2 Bf5 36. Bd5+ Rxd5 37. Rxd5 Bg4 38. Rxd6 Rc7 39. Rc1 Re7 40. Rd2 f5 41. c4 f4 42. c5 Rc7 43. b4 Kf7 44. b5 Rb7 45. a4 f3 46. gxf3 Bc8 47. c6 Ra7 48. Ra1 h5 49. b6 Re7 50. Rb2 1-0

[Event "Guelph Winter Pro Am"]
[Site "Guelph CAN"]
[Date "2008.02.02"]
[Round "5"]
[White "Cunningham, Ross"]
[Black "Lai, Matthew"]
[Result "0-1"]
[WhiteElo "1710"]
[BlackElo "1862"]
[PlyCount "142"]
[GameId "2160767910442347"]
[EventDate "2008.02.02"]
[EventType "swiss"]
[EventRounds "5"]
[EventCountry "CAN"]
[SourceTitle "EXT 2011"]
[Source "ChessBase"]
[SourceDate "2011.11.26"]
[SourceVersion "1"]
[SourceVersionDate "2011.11.26"]
[SourceQuality "1"]

1. e4 e5 2. Nf3 Nc6 3. Bc4 Nf6 4. Nc3 Nxe4 5. Bxf7+ Kxf7 6. Nxe4 Be7 7. d3 Rf8 8. Nfg5+ Kg8 9. Qh5 h6 10. Qg6 hxg5 11. Bxg5 Qe8 12. Qxe8 Rxe8 13. Be3 d5 14. Ng3 Bh4 15. Ne2 Rf8 16. Bc5 Rf7 17. g3 Be7 18. Be3 Nb4 19. Rc1 Nxa2 20. Ra1 Nb4 21. Rc1 Bg4 22. h3 Bxe2 23. Kxe2 a6 24. c3 Nc6 25. h4 Raf8 26. Rcf1 b6 27. h5 Bc5 28. Bxc5 bxc5 29. h6 gxh6 30. Rxh6 Rf6 31. Rh5 Rf5 32. Rh6 R8f6 33. Rh4 d4 34. Rg4+ Kf7 35. Re4 Ne7 36. g4 Rg5 37. c4 Ng6 38. Rh1 Nf4+ 39. Kd2 Ke6 40. Ra1 Kd7 41. Ra5 Rb6 42. Kc2 Kd6 43. f3 Rg8 44. b4 Rxb4 45. Rxa6+ c6 46. Ra1 Rh8 47. Rd1 Rh2+ 48. Rd2 Rxd2+ 49. Kxd2 Rb2+ 50. Kc1 Nxd3+ 51. Kd1 Nf2+ 52. Kc1 Nxe4 53. Kxb2 Nd2 54. Kc2 Nxf3 55. Kd3 Ng5 56. Kd2 e4 57. Ke2 Ke5 58. Kd2 Kf4 59. Ke2 Kxg4 60. Kd2 e3+ 61. Ke2 Kg3 62. Kf1 Kf3 63. Ke1 e2 64. Kd2 Kf2 65. Kd3 e1=Q 66. Kc2 Qe3 67. Kd1 Ne4 68. Kc2 Qc3+ 69. Kb1 Nd2+ 70. Ka2 Qb3+ 71. Ka1 Qb1# 0-1

[Event "Guelph Winter Pro Am"]
[Site "Guelph CAN"]
[Date "2008.02.02"]
[Round "5"]
[White "Drkulec, Vladimir"]
[Black "Becker, Paul"]
[Result "1/2-1/2"]
[WhiteElo "2182"]
[BlackElo "2088"]
[PlyCount "152"]
[GameId "2160767910442348"]
[EventDate "2008.02.02"]
[EventType "swiss"]
[EventRounds "5"]
[EventCountry "CAN"]
[SourceTitle "EXT 2011"]
[Source "ChessBase"]
[SourceDate "2011.11.26"]
[SourceVersion "1"]
[SourceVersionDate "2011.11.26"]
[SourceQuality "1"]

1. d4 d5 2. c4 c6 3. Nf3 Nf6 4. Nc3 a6 5. cxd5 cxd5 6. g3 Bf5 7. Bg2 e6 8. O-O Bd6 9. h3 h6 10. Nh4 Bh7 11. f4 Nc6 12. a3 Rc8 13. e3 Na5 14. Nf3 O-O 15. Ne5 b5 16. g4 Bxe5 17. fxe5 Ne4 18. Nxe4 Bxe4 19. Bxe4 dxe4 20. b3 Qd5 21. Rb1 Rc3 22. Bd2 Rd3 23. Qe1 Nxb3 24. Bb4 Rc8 25. Qf2 Qd7 26. Rb2 a5 27. Be1 Nxd4 28. exd4 Rxa3 29. h4 e3 30. Qf4 Rc4 31. Rxb5 Rxd4 32. Rb8+ Kh7 33. Qf3 Qa4 34. g5 Rg4+ 35. Kh2 e2 36. Qxe2 Rxh4+ 37. Kg1 Qg4+ 38. Qxg4 Rxg4+ 39. Kh2 Rxg5 40. Rxf7 Rxe5 41. Bg3 Rg5 42. Bd6 Ra2+ 43. Kh3 Rd2 44. Bf8 Rd3+ 45. Kh2 Rd2+ 46. Kh3 Rdg2 47. Rb3 Rg1 48. Kh2 a4 49. Ra3 Kg8 50. Rf2 R1g4 51. Be7 Rh5+ 52. Rh3 Rxh3+ 53. Kxh3 Rc4 54. Rf8+ Kh7 55. Ra8 Kg6 56. Ra7 Kh5 57. Ra6 Re4 58. Kg3 Kg6 59. Kf3 Kf5 60. Bf8 Rf4+ 61. Ke3 Rg4 62. Ra7 h5 63. Bxg7 h4 64. Ra5+ Kg6 65. Be5 h3 66. Bd6 Rh4 67. Bh2 Rg4 68. Kf3 Rg2 69. Bf4 Ra2 70. Rg5+ Kf6 71. Rh5 Ra3+ 72. Be3 Rb3 73. Rxh3 Ke5 74. Rh5+ Kd6 75. Ra5 a3 76. Ke4 Kc6 1/2-1/2

[Event "Guelph Winter Pro Am"]
[Site "Guelph CAN"]
[Date "2008.02.02"]
[Round "5"]
[White "Gillanders, Robert"]
[Black "Lacau Rodean, Iulia"]
[Result "0-1"]
[WhiteElo "1879"]
[BlackElo "1966"]
[PlyCount "154"]
[GameId "2160767910442349"]
[EventDate "2008.02.02"]
[EventType "swiss"]
[EventRounds "5"]
[EventCountry "CAN"]
[SourceTitle "EXT 2011"]
[Source "ChessBase"]
[SourceDate "2011.11.26"]
[SourceVersion "1"]
[SourceVersionDate "2011.11.26"]
[SourceQuality "1"]

1. d4 Nf6 2. c4 g6 3. Nc3 Bg7 4. e4 d6 5. Nf3 O-O 6. Be2 Nbd7 7. h3 h6 8. Be3 e5 9. Qc2 a6 10. O-O-O exd4 11. Bxd4 Qe7 12. Bd3 Ne5 13. Nxe5 dxe5 14. Be3 Be6 15. Nd5 Bxd5 16. cxd5 Nd7 17. Kb1 Rfc8 18. Rc1 c5 19. Be2 b5 20. Bg4 c4 21. d6 Qd8 22. Qd2 Rc6 23. Rhd1 h5 24. Bxd7 Qxd7 25. Qd5 Rac8 26. Ka1 b4 27. f3 c3 28. b3 Bf8 29. Qa5 Rxd6 30. Rd5 Rxd5 31. exd5 Qb5 32. Qxb5 axb5 33. Kb1 f5 34. Kc2 Ra8 35. Ra1 Kf7 36. g4 hxg4 37. hxg4 Bd6 38. gxf5 gxf5 39. Kd3 Rh8 40. Rf1 Rh2 41. a4 bxa4 42. bxa4 Ra2 43. Rh1 Rxa4 44. Rh7+ Kg6 45. Rh6+ Kf7 46. Rxd6 e4+ 47. fxe4 fxe4+ 48. Kxe4 b3+ 49. Kf5 b2 50. Rd7+ Ke8 51. Rb7 Ra1 52. Bd4 Ra7 53. Bxa7 c2 54. d6 b1=Q 55. d7+ Kd8 56. Bb6+ Qxb6 57. Rxb6 Kxd7 58. Rb7+ Kc6 59. Rb8 Kc7 60. Re8 c1=Q 61. Re7+ Kd6 62. Re6+ Kd7 63. Re4 Qc5+ 64. Kf4 Kd6 65. Kf3 Kd5 66. Re3 Qf8+ 67. Ke2 Qf4 68. Rf3 Qg4 69. Kf2 Ke4 70. Ra3 Qh4+ 71. Kg2 Qg5+ 72. Kh3 Qf5+ 73. Kg2 Qg6+ 74. Kh3 Qe6+ 75. Kg2 Qc6 76. Ra7 Kf4+ 77. Kh3 Qf3+ 0-1

[Event "Guelph Winter Pro Am"]
[Site "Guelph CAN"]
[Date "2008.02.02"]
[Round "5"]
[White "Inigo, Aquino"]
[Black "Henry, Liam"]
[Result "0-1"]
[WhiteElo "2041"]
[BlackElo "2292"]
[PlyCount "50"]
[GameId "2160767910442351"]
[EventDate "2008.02.02"]
[EventType "swiss"]
[EventRounds "5"]
[EventCountry "CAN"]
[SourceTitle "EXT 2011"]
[Source "ChessBase"]
[SourceDate "2011.11.26"]
[SourceVersion "1"]
[SourceVersionDate "2011.11.26"]
[SourceQuality "1"]

1. d4 Nf6 2. c4 g6 3. Nc3 d5 4. cxd5 Nxd5 5. e4 Nxc3 6. bxc3 Bg7 7. Nf3 c5 8. Rb1 O-O 9. Be2 Nc6 10. d5 Ne5 11. Nxe5 Bxe5 12. Qd2 e6 13. f4 Bc7 14. O-O exd5 15. exd5 Ba5 16. Bb2 Bf5 17. Rbd1 Re8 18. Rfe1 Qd6 19. Bc4 a6 20. a4 Bd7 21. Bb3 Rxe1+ 22. Rxe1 c4 23. Bc2 Qb6+ 24. Kf1 Qxb2 25. Re7 Bf5 0-1

[Event "Guelph Winter Pro Am"]
[Site "Guelph CAN"]
[Date "2008.02.02"]
[Round "5"]
[White "Martchenko, Alexander"]
[Black "Ingram, Richard"]
[Result "0-1"]
[WhiteElo "2190"]
[BlackElo "2046"]
[PlyCount "60"]
[GameId "2160767910442352"]
[EventDate "2008.02.02"]
[EventType "swiss"]
[EventRounds "5"]
[EventCountry "CAN"]
[SourceTitle "EXT 2011"]
[Source "ChessBase"]
[SourceDate "2011.11.26"]
[SourceVersion "1"]
[SourceVersionDate "2011.11.26"]
[SourceQuality "1"]

1. e4 c5 2. Nf3 Nc6 3. d4 cxd4 4. Nxd4 e6 5. Nc3 a6 6. Be3 Qc7 7. Qd2 Nf6 8. f3 Be7 9. O-O-O O-O 10. g4 d6 11. g5 Nd7 12. h4 b5 13. h5 Nxd4 14. Qxd4 Rd8 15. h6 Bf8 16. hxg7 Bxg7 17. Qd2 Nf8 18. Bd4 Bb7 19. Bxg7 Kxg7 20. Bd3 b4 21. Ne2 d5 22. Nf4 dxe4 23. Qh2 Kg8 24. fxe4 Rac8 25. Qf2 e5 26. Nh5 Rxd3 27. Rxd3 Qc4 28. Nf6+ Kg7 29. Nh5+ Kg8 30. Qf6 Qxc2# 0-1

[Event "Guelph Winter Pro Am"]
[Site "Guelph CAN"]
[Date "2008.02.02"]
[Round "5"]
[White "Noritsyn, Nikolay"]
[Black "Ochkoos, Jura"]
[Result "1/2-1/2"]
[WhiteElo "2458"]
[BlackElo "2345"]
[PlyCount "92"]
[GameId "2160767910442353"]
[EventDate "2008.02.02"]
[EventType "swiss"]
[EventRounds "5"]
[EventCountry "CAN"]
[SourceTitle "EXT 2011"]
[Source "ChessBase"]
[SourceDate "2011.11.26"]
[SourceVersion "1"]
[SourceVersionDate "2011.11.26"]
[SourceQuality "1"]

1. e4 e5 2. Nf3 Nc6 3. Bb5 a6 4. Ba4 Nf6 5. d3 d6 6. O-O Be7 7. c3 O-O 8. Re1 b5 9. Bc2 Nb8 10. Nbd2 Bb7 11. Nf1 Nbd7 12. Ng3 Re8 13. d4 Bf8 14. b3 g6 15. a4 c6 16. Bb2 Bg7 17. dxe5 dxe5 18. Qe2 Qc7 19. b4 Nb6 20. Bc1 Nxa4 21. Bxa4 bxa4 22. Be3 c5 23. Qc4 Bc6 24. Qxc5 Qb7 25. Nxe5 Rxe5 26. Qxe5 Nxe4 27. Qf4 Nxc3 28. Bd4 Qxb4 29. Be5 Qxf4 30. Bxf4 Bd5 31. Be5 Bb3 32. Bxg7 Kxg7 33. Ne4 Nxe4 34. Rxe4 Rc8 35. Re5 Kf6 36. Ra5 Rc6 37. Re1 h5 38. h3 Kg7 39. Kh2 Rc2 40. f3 Ra2 41. Rxa6 Rc2 42. h4 Rd2 43. Kg3 Rc2 44. Re3 Ra2 45. Ra7 Rc2 46. Re1 Rd2 1/2-1/2

[Event "Guelph Winter Pro Am"]
[Site "Guelph CAN"]
[Date "2008.02.02"]
[Round "5"]
[White "Preotu, Razvan"]
[Black "Cober, Keith"]
[Result "1-0"]
[WhiteElo "1335"]
[BlackElo "1380"]
[PlyCount "100"]
[GameId "2160767910442354"]
[EventDate "2008.02.02"]
[EventType "swiss"]
[EventRounds "5"]
[EventCountry "CAN"]
[SourceTitle "EXT 2011"]
[Source "ChessBase"]
[SourceDate "2011.11.26"]
[SourceVersion "1"]
[SourceVersionDate "2011.11.26"]
[SourceQuality "1"]

1. e4 c6 2. d4 d5 3. Nc3 dxe4 4. Nxe4 Bf5 5. Ng3 Bg6 6. Nf3 Nd7 7. Bd3 e6 8. Be3 Be7 9. Qd2 Ngf6 10. c4 a5 11. O-O Nh5 12. Nxh5 Bxh5 13. Be2 h6 14. Ne1 Bxe2 15. Qxe2 g5 16. Rd1 Qc7 17. Qh5 O-O-O 18. Qxf7 Nf8 19. Qf3 h5 20. Qe2 Ng6 21. g3 e5 22. Rd2 e4 23. d5 c5 24. Kg2 Ne5 25. Rc2 Bd6 26. Bxg5 Rdg8 27. Bf6 Rh6 28. Bxe5 Bxe5 29. Qxe4 h4 30. Kg1 hxg3 31. fxg3 Bxg3 32. hxg3 Rgh8 33. Qf5+ Kb8 34. Kf2 Qd6 35. Ke2 Rh1 36. Rxh1 Rxh1 37. Qf4 Rh6 38. Qxd6+ Rxd6 39. Nf3 Rh6 40. Ke3 Kc7 41. Ke4 Kd7 42. Nh4 b6 43. Nf5 Rh1 44. Rg2 a4 45. g4 Ra1 46. b3 axb3 47. axb3 Re1+ 48. Kf4 Rf1+ 49. Ke5 Re1+ 50. Kf6 Re3 1-0

[Event "Guelph Winter Pro Am"]
[Site "Guelph CAN"]
[Date "2008.02.02"]
[Round "5"]
[White "Sherman, Joshua"]
[Black "Orlova, Yelizaveta"]
[Result "0-1"]
[WhiteElo "1850"]
[BlackElo "1892"]
[PlyCount "56"]
[GameId "2160767910442356"]
[EventDate "2008.02.02"]
[EventType "swiss"]
[EventRounds "5"]
[EventCountry "CAN"]
[SourceTitle "EXT 2011"]
[Source "ChessBase"]
[SourceDate "2011.11.26"]
[SourceVersion "1"]
[SourceVersionDate "2011.11.26"]
[SourceQuality "1"]

1. e4 c5 2. d4 cxd4 3. c3 d3 4. c4 g6 5. Bxd3 Bg7 6. Nf3 d6 7. h3 Nd7 8. O-O b6 9. Nc3 Bb7 10. Qe2 Rc8 11. Bf4 Ngf6 12. Rfd1 O-O 13. Rac1 Nh5 14. Bh2 Bh6 15. Rb1 Nf4 16. Bxf4 Bxf4 17. Nd5 Bh6 18. b4 e6 19. Ne3 Qe7 20. Ng4 Bg7 21. Bc2 h5 22. Ne3 Nf6 23. Nd2 d5 24. e5 Nd7 25. cxd5 exd5 26. Nf3 Nxe5 27. Nxe5 Qxe5 28. Qd3 d4 0-1

[Event "Guelph Winter Pro Am"]
[Site "Guelph CAN"]
[Date "2008.02.02"]
[Round "5"]
[White "Wight, Keith"]
[Black "Evans, Bill"]
[Result "1-0"]
[WhiteElo "2149"]
[BlackElo "2077"]
[PlyCount "39"]
[GameId "2160767910442357"]
[EventDate "2008.02.02"]
[EventType "swiss"]
[EventRounds "5"]
[EventCountry "CAN"]
[SourceTitle "EXT 2011"]
[Source "ChessBase"]
[SourceDate "2011.11.26"]
[SourceVersion "1"]
[SourceVersionDate "2011.11.26"]
[SourceQuality "1"]

1. e4 c5 2. Nf3 Nc6 3. d4 cxd4 4. Nxd4 e5 5. Nb5 a6 6. Nd6+ Bxd6 7. Qxd6 Qf6 8. Qd1 Qg6 9. Nc3 Nf6 10. f3 d5 11. Nxd5 Nxd5 12. Qxd5 O-O 13. Qd2 Rd8 14. Bd3 h6 15. O-O Be6 16. Qe1 Rxd3 17. cxd3 Nd4 18. Qd1 Rc8 19. Rf2 Bh3 20. Kh1 1-0

[Event "Guelph Winter Pro Am U2100"]
[Site "Guelph CAN"]
[Date "2008.02.02"]
[Round "?"]
[White "Sherman, Joshua"]
[Black "Assaripallam, Inigo Francis"]
[Result "1-0"]
[WhiteElo "1850"]
[BlackElo "2092"]
[PlyCount "69"]
[GameId "2160767910442358"]
[EventDate "2008.02.02"]
[EventType "swiss"]
[EventRounds "5"]
[EventCountry "CAN"]
[SourceTitle "EXT 2011"]
[Source "ChessBase"]
[SourceDate "2011.11.26"]
[SourceVersion "1"]
[SourceVersionDate "2011.11.26"]
[SourceQuality "1"]

1. e4 e6 2. d4 d5 3. c4 dxe4 4. Nc3 f5 5. f3 exf3 6. Nxf3 Nf6 7. Be2 Be7 8. O-O O-O 9. Qb3 c5 10. d5 b6 11. Rd1 exd5 12. cxd5 Bd6 13. Ng5 Qe7 14. Bf4 Kh8 15. Bxd6 Qxd6 16. Nb5 Qe5 17. Bf3 Ne4 18. d6 c4 19. Qxc4 Ba6 20. Nf7+ Rxf7 21. Qxf7 Nc6 22. d7 Qc5+ 23. Nd4 Rf8 24. Qxf8+ Qxf8 25. Nxc6 Qc5+ 26. Rd4 h6 27. d8=Q+ Kh7 28. Bxe4 fxe4 29. Ne7 Bc4 30. Rc1 Qxd4+ 31. Qxd4 Bf7 32. Rc6 Be6 33. Rxe6 b5 34. Qd8 g6 35. Qg8# 1-0

[Event "Guelph Winter Pro Am U2100"]
[Site "Guelph CAN"]
[Date "2008.02.02"]
[Round "1"]
[White "Pryor, Jamieson"]
[Black "Armstrong, Robert J"]
[Result "1-0"]
[WhiteElo "1769"]
[BlackElo "1873"]
[PlyCount "109"]
[GameId "2160767910442359"]
[EventDate "2008.02.02"]
[EventType "swiss"]
[EventRounds "5"]
[EventCountry "CAN"]
[SourceTitle "EXT 2011"]
[Source "ChessBase"]
[SourceDate "2011.11.26"]
[SourceVersion "1"]
[SourceVersionDate "2011.11.26"]
[SourceQuality "1"]

1. e4 g6 2. d4 Bg7 3. c4 d6 4. Nc3 Nf6 5. Nf3 O-O 6. Be2 Nc6 7. O-O e5 8. d5 Ne7 9. Ne1 Nd7 10. Be3 f5 11. f3 f4 12. Bf2 b6 13. a3 g5 14. b4 a5 15. Rb1 h5 16. c5 axb4 17. cxd6 bxc3 18. dxe7 Qxe7 19. Nc2 Nc5 20. Qe1 Na4 21. Nb4 Bd7 22. Qc1 g4 23. Bd1 Qg5 24. Kh1 h4 25. Bxa4 Bxa4 26. Qxc3 g3 27. Be1 h3 28. Rb2 Rf6 29. Qxc7 Bb5 30. Rg1 Rh6 31. gxh3 Rxh3 32. Qc3 Qh5 33. Rgg2 Bf1 34. Rgc2 g2+ 35. Rxg2 Bxg2+ 36. Rxg2 Rxf3 37. Qc4 Re3 38. Nc2 Rh3 39. Qc6 Rf8 40. Bb4 Qd1+ 41. Ne1 Rh6 42. Rxg7+ Kxg7 43. Bxf8+ Kg8 44. Qxh6 Qxe1+ 45. Kg2 Qxe4+ 46. Kh3 Qf5+ 47. Kh4 Qxf8 48. Qxf8+ Kxf8 49. Kg4 Ke7 50. h4 Kd6 51. h5 Kxd5 52. h6 Ke4 53. h7 f3 54. h8=Q Ke3 55. Qxe5+ 1-0

[Event "Guelph Winter Pro Am U2100"]
[Site "Guelph CAN"]
[Date "2008.02.02"]
[Round "2"]
[White "Armstrong, Robert J"]
[Black "Jordan, John"]
[Result "1/2-1/2"]
[WhiteElo "1873"]
[BlackElo "1748"]
[PlyCount "79"]
[GameId "2160767910442360"]
[EventDate "2008.02.02"]
[EventType "swiss"]
[EventRounds "5"]
[EventCountry "CAN"]
[SourceTitle "EXT 2011"]
[Source "ChessBase"]
[SourceDate "2011.11.26"]
[SourceVersion "1"]
[SourceVersionDate "2011.11.26"]
[SourceQuality "1"]

1. d4 d5 2. c4 e6 3. e3 Nf6 4. Nf3 c6 5. Bd3 Bd6 6. O-O O-O 7. Nc3 Nbd7 8. b3 e5 9. dxe5 Nxe5 10. cxd5 cxd5 11. Bb2 Bg4 12. Be2 Qa5 13. Nd4 Bxe2 14. Qxe2 a6 15. a3 Rac8 16. b4 Qd8 17. Rac1 Nc4 18. Nf3 Nxb2 19. Qxb2 Qe7 20. Rfd1 Rfd8 21. Nxd5 Nxd5 22. Rxc8 Rxc8 23. Rxd5 Qe6 24. e4 Bf4 25. Qc2 h6 26. Rc5 Rd8 27. g3 Bd6 28. Rd5 Rc8 29. Qd1 Bc7 30. e5 Re8 31. Rd7 Bxe5 32. Nxe5 Qxe5 33. Rxb7 Qe1+ 34. Qxe1 Rxe1+ 35. Kg2 Ra1 36. Ra7 Rxa3 37. b5 a5 38. b6 Rb3 39. b7 Kh7 40. Rxa5 1/2-1/2

[Event "Guelph Winter Pro Am U2100"]
[Site "Guelph CAN"]
[Date "2008.02.02"]
[Round "3"]
[White "Cunningham, Ross"]
[Black "Armstrong, Robert J"]
[Result "1/2-1/2"]
[WhiteElo "1710"]
[BlackElo "1873"]
[PlyCount "70"]
[GameId "2160767910442361"]
[EventDate "2008.02.02"]
[EventType "swiss"]
[EventRounds "5"]
[EventCountry "CAN"]
[SourceTitle "EXT 2011"]
[Source "ChessBase"]
[SourceDate "2011.11.26"]
[SourceVersion "1"]
[SourceVersionDate "2011.11.26"]
[SourceQuality "1"]

1. e4 g6 2. d4 Bg7 3. Nf3 d6 4. Nc3 Nf6 5. Bg5 O-O 6. Qd2 Nbd7 7. Be2 c6 8. h4 h5 9. Ng1 b5 10. a3 Nb6 11. f3 a5 12. Nh3 Be6 13. Nf2 b4 14. axb4 axb4 15. Rxa8 bxc3 16. Qc1 Qxa8 17. bxc3 Qa5 18. Qe3 Qa1+ 19. Kd2 Qb2 20. g4 Re8 21. gxh5 Nxh5 22. Nd1 Qa2 23. Bh6 Bb3 24. Bxg7 Kxg7 25. Rg1 Bxc2 26. Ke1 Qb3 27. Rg5 Nc4 28. Bxc4 Qxc4 29. Rxh5 Bxd1 30. Qh6+ Kf6 31. Qg5+ Ke6 32. Qg4+ f5 33. exf5+ Kd7 34. fxg6+ Kc7 35. Qe4 Ra8 1/2-1/2

[Event "Guelph Winter Pro Am U2100"]
[Site "Guelph CAN"]
[Date "2008.02.02"]
[Round "3"]
[White "Ferreira, Alex"]
[Black "Gillanders, Robert"]
[Result "1-0"]
[WhiteElo "1964"]
[BlackElo "1879"]
[PlyCount "109"]
[GameId "2160767910442362"]
[EventDate "2008.02.02"]
[EventType "swiss"]
[EventRounds "5"]
[EventCountry "CAN"]
[SourceTitle "EXT 2011"]
[Source "ChessBase"]
[SourceDate "2011.11.26"]
[SourceVersion "1"]
[SourceVersionDate "2011.11.26"]
[SourceQuality "1"]

1. e4 c5 2. Nf3 Nc6 3. d4 cxd4 4. Nxd4 Nf6 5. Nc3 e5 6. Ndb5 d6 7. Bg5 a6 8. Na3 b5 9. Nd5 Be7 10. Bxf6 Bxf6 11. c4 b4 12. Nc2 a5 13. Be2 O-O 14. O-O Bg5 15. g3 Bb7 16. Nce3 Nd4 17. f4 Nxe2+ 18. Qxe2 exf4 19. gxf4 Bf6 20. Rad1 Kh8 21. Rf2 Re8 22. Nf5 Bxd5 23. Rxd5 Re6 24. Qd3 Be7 25. c5 Rg6+ 26. Rg2 Bf8 27. e5 Rxg2+ 28. Kxg2 g6 29. Nxd6 Bxd6 30. exd6 Qh4 31. Qd4+ Kg8 32. d7 Qg4+ 33. Kf2 Qh4+ 34. Ke2 Qg4+ 35. Kd2 Qg2+ 36. Kc1 Qf1+ 37. Kc2 Qe2+ 38. Kb1 Qe1+ 39. Qd1 Qe4+ 40. Qd3 Qe1+ 41. Kc2 Rd8 42. c6 Qf2+ 43. Qd2 Qb6 44. Rd6 Qc5+ 45. Kb1 a4 46. Qd4 Qf5+ 47. Kc1 b3 48. axb3 axb3 49. Qc4 Qh3 50. Qd3 Qxh2 51. c7 Qxf4+ 52. Kb1 Qh4 53. c8=Q Qe1+ 54. Qd1 Qa5 55. Qxb3 1-0

[Event "Guelph Winter Pro Am U2100"]
[Site "Guelph CAN"]
[Date "2008.02.03"]
[Round "4"]
[White "Armstrong, Robert J"]
[Black "Solis, Jaime"]
[Result "1-0"]
[WhiteElo "1873"]
[BlackElo "1805"]
[PlyCount "69"]
[GameId "2160767910442363"]
[EventDate "2008.02.02"]
[EventType "swiss"]
[EventRounds "5"]
[EventCountry "CAN"]
[SourceTitle "EXT 2011"]
[Source "ChessBase"]
[SourceDate "2011.11.26"]
[SourceVersion "1"]
[SourceVersionDate "2011.11.26"]
[SourceQuality "1"]

1. d4 Nf6 2. c4 g6 3. Nc3 Bg7 4. e4 d6 5. f3 O-O 6. Be3 e5 7. d5 a5 8. g4 c5 9. Nge2 Na6 10. Ng3 h6 11. Qd2 Kh7 12. h4 Ng8 13. O-O-O Nc7 14. Bd3 Bd7 15. Rdg1 Qe8 16. Qg2 f6 17. g5 h5 18. gxf6 Nxf6 19. Nf5 Bxf5 20. exf5 Kh8 21. fxg6 Qd7 22. Qg5 Nce8 23. Ne4 Kg8 24. Ng3 b6 25. Bf5 Qc7 26. Be6+ Kh8 27. Nxh5 Ra7 28. Nxg7 Qxg7 29. h5 Ng8 30. h6 Qf6 31. g7+ Kh7 32. gxf8=Q Qxf8 33. Qg7+ Rxg7 34. hxg7+ Nh6 35. Rxh6# 1-0